01494nam a22002297a 450000500170000000800410001702200140005804000140007221000090008622200390009524500470013426000400018130000220022131000220024336200440026550003390030950501780064850502170082650501280104365000370117165000560120820260507115207.0260507b |||||||| |||| 00| 0 eng d a0261-1929 aMMSUcULS aATLA aAlternatives to Laboratory Animals aATLA :bAlternatives to Laboratory Animals aLondon: bSage Publications,c2025- avolumes ;c28 cm. aSix times a year. aVolume 53, Number 2 (March 2025- ) aATLA is a peer-reviewed journal, intended to cover all aspects of the development, validation, implementation and use of alternatives to laboratory animals in biomedical research and toxicity testing. In addition to the replacement of animals, it also covers work that aims to reduce the number of animals used and refine the in vivo  tReviewing Current Guidance for the ‘R’ of Replacement and Rethinking it with the ‘Replacement Checklist’ (pp. 72–83) /rJuliet P. Dukes, Amy Beale, and Celean Camp tAn Approach to Setting Vertebrate Animal-use Benchmarks for Agrochemical and GM Crop Testing to Facilitate Future Animal Reduction Efforts (pp. 84–97) /rJoseph Henriquez, Matthew Merrell, […], and Sean Gehen t20 Years of Providing Custom Non-Animal-Derived Antibodies — A Review (pp. 168–174) /rJohn Cardone and Achim Knappik.  aBiomedical researchvPeriodicals aAnimals as alternatives in laboratoiesvPeriodicals